000
00311nam a2200145Ia 4500
100
_a
Rothman/Denis
650
_a
Artificial Intelligence
942
_c
BK
245
_a
Artificial Intelligence by example
260
_b
PACKT
_c
2018
082
_a
6.3
_b
ROT
300
_a
470
546
_a
ENGLISH
999
_c
19849
_d
19849